000 00869nam a2200277Ia 4500
003 OSt
005 20221006160029.0
006 a|||||r|||| 00| 0
007 ta
008 221006b |||||||| |||| 00| 0 eng d
020 _a9788952111760
_c
_42.65
024 _a44,105
037 _bGift, Korean Embassy (Window on Korea)
_cTextual
040 _aEASL
_cEASL
_beng
041 _2eng
_aeng
082 _aO495,3L37, Q1
100 _aPark Jiwon
_9671550
245 0 _aNovels of Park Jiwon
_bTranslation overlooked world
260 _aSeoul
_bSeoul National University (SNU) Press Korea
_c2011
300 _a160p.
_ccm.
490 _v KEL
650 _aKEL
700 _a Pastreich Emanuel Tr.
_9671551
942 _hO495,3L37, Q1
_cTEXL
_2CC
999 _c1112197
_d1112197